00641nam a22001457a 4500008004100000040005500041080001200096245016200108260003900270300001300309650001200322942001300334999001700347952013100364230609b |||||||| |||| 00| 0 eng d aNational Science LibrarycNational Science Library a62 bN6 aTransfer of environmentally sound technologies, cooperation & capacity-building: bA study report c/ Economic and Social Commission for Asia and the Pacific aNew York: bUnited Nations, c1996 avi, 83p. aScience 2udccREP c41590d41590 00102udc40662_N670962021aNSLbNSLcGF/Rk-12/C-7/R-3d2001-09-18l0o62 N6 p179819r2023-06-09 00:00:00w2001-09-18yREP